[Event "Wch U20"]
[Site "Matinhos"]
[Date "1994.??.??"]
[Round "?"]
[White "Sergejev, Roman"]
[Black "Pingitzer, Harald"]
[Result "1/2-1/2"]
[WhiteElo "2310"]
[BlackElo "2245"]

1.c4 c6 2.e4 d5 3.exd5 cxd5 4.cxd5 Nf6 5.Nc3 Nxd5 6.Nf3 Nc6 7.Bb5 Nxc3 8.bxc3 Qd5
9.Qe2 Bg4 10.d4 e6 11.O-O Bd6 12.c4 Qh5 13.h3 Bxf3 14.Qxf3 Qxf3 15.gxf3 O-O
16.Be3 e5 17.Bxc6 bxc6 18.dxe5 Bxe5 19.Rad1 Rfb8 20.Rd7 Rb2 21.Rfd1 h5 22.R1d2 Rxd2
23.Rxd2 a5 24.f4 Bf6 25.Rd6 Rd8 26.Rxc6 Rd1+ 27.Kg2 Ra1 28.Rc8+ Kh7 29.c5 Rxa2
30.c6 Rc2 31.Bb6 a4 32.c7 a3 33.Ra8 Bb2 34.Kf3 f5 35.Ra5 Rc3+ 36.Kg2 Rc6
37.h4 Rg6+ 38.Kf3 Rc6 39.Kg3 Rg6+ 40.Kh2 Rc6 41.Rc5 Rxc7 42.Bxc7 a2 43.Ra5 a1=Q
44.Rxa1 Bxa1 45.Be5 Bxe5 46.fxe5 f4  1/2-1/2

[Event "Wch U20 Girls"]
[Site "Matinhos"]
[Date "1994.??.??"]
[Round "?"]
[White "Guzkowska, Magdalena"]
[Black "Skripchenko, Almira"]
[Result "0-1"]
[WhiteElo "2105"]
[BlackElo "2235"]

1.c4 c6 2.Nc3 d5 3.d4 Nf6 4.Nf3 e6 5.Bg5 dxc4 6.e3 b5 7.a4 Bb4 8.Nd2 h6 9.Bxf6 Qxf6
10.Be2 Bb7 11.Bf3 Qe7 12.O-O a6 13.Qc2 O-O 14.b3 cxb3 15.Nxb3 e5 16.Ne4 Ra7
17.Nec5 Bc8 18.Rfd1 Rc7 19.Qb2 exd4 20.Qxd4 Bxc5 21.Nxc5 Nd7 22.Nxd7 Rxd7
23.Qb6 Rxd1+ 24.Rxd1 bxa4 25.Qxc6 a3 26.Qa4 Be6 27.Qxa6 Rb8 28.Qd3 Qc5 29.g3 a2
30.Kg2 Qe5 31.Qa3 f5 32.Qe7 Qf6 33.Qxe6+ Qxe6  0-1

[Event "Wch U20"]
[Site "Matinhos"]
[Date "1994.??.??"]
[Round "?"]
[White "Szuhanek, Ranko"]
[Black "Pedersen, Steffen"]
[Result "1-0"]
[WhiteElo "2325"]
[BlackElo "2420"]

1.c4 c6 2.Nf3 d5 3.d4 Nf6 4.Qc2 g6 5.Bf4 Bf5 6.Qb3 Qb6 7.e3 Na6 8.Qxb6 axb6
9.Nc3 Bg7 10.cxd5 Nb4 11.dxc6 bxc6 12.Kd2 O-O 13.a3 c5 14.Bc4 Nc2 15.Rac1 cxd4
16.exd4 Nxd4 17.Nxd4 Rfd8 18.Nb5 Ng4 19.Bc7 Rxd4+ 20.Nxd4 Bxd4 21.f3 Ne5
22.Rhe1 Nxc4+ 23.Rxc4 Bxb2 24.a4 Rc8 25.Rxe7 Ba3 26.Re1 Be6 27.Rxe6 fxe6
28.Kc3 Bc5 29.Bxb6  1-0

[Event "Mecklenburg-Hessen"]
[Site "Mecklenburg"]
[Date "1994.??.??"]
[Round "?"]
[White "Nocke, Thomas"]
[Black "Schoebel, Wolfgang"]
[Result "0-1"]
[WhiteElo "2225"]
[BlackElo "2210"]

1.c4 c6 2.Nf3 d5 3.b3 Nf6 4.Bb2 Bf5 5.g3 Qb6 6.d3 e6 7.Bg2 Be7 8.O-O h6 9.Nbd2 O-O
10.Nh4 Bh7 11.e4 dxe4 12.dxe4 Rd8 13.Qe2 a5 14.Kh1 a4 15.f4 Qb4 16.Rfd1 axb3
17.axb3 Rxa1 18.Bxa1 Na6 19.f5 Nc5 20.e5 Ne8 21.Ne4 Rxd1+ 22.Qxd1 Qxb3 23.Qf1 Nxe4
24.Bxe4 Bxh4 25.gxh4 Qe3 26.Bb1 Bxf5 27.Bxf5 exf5 28.Kg2 Qe4+ 29.Kg1 Nc7
30.Bb2 Ne6  0-1

[Event "Metz op"]
[Site "Metz"]
[Date "1994.??.??"]
[Round "4"]
[White "Schwartzman, Gabriel"]
[Black "Komarov, Dimitri"]
[Result "1-0"]
[WhiteElo "2500"]
[BlackElo "2535"]

1.c4 c6 2.d4 d5 3.Nc3 e6 4.e4 dxe4 5.Nxe4 Bb4+ 6.Bd2 Qxd4 7.Bxb4 Qxe4+ 8.Ne2 Na6
9.Bf8 Bd7 10.Qd6 O-O-O 11.Bxg7 Be8 12.Qa3 Rd3 13.b3 c5 14.f3 Qh4+ 15.Ng3 Qg5
16.Bxd3 Qxg7 17.O-O Qd4+ 18.Kh1 Qxd3 19.Rad1 Qg6 20.Qa5 Nc7 21.Qd2 b6 22.Qd8+ Kb7
23.Ne4 Nh6 24.Nd6+ Kc6 25.Qc8 Rg8 26.Qb7+ Kd7 27.Nf5+  1-0

[Event "Metz op"]
[Site "Metz"]
[Date "1994.??.??"]
[Round "8"]
[White "Hodgson, Julian M"]
[Black "Prie, Eric"]
[Result "1/2-1/2"]
[WhiteElo "2570"]
[BlackElo "2475"]

1.c4 c6 2.g3 d5 3.Nf3 Nf6 4.Bg2 Bg4 5.Ne5 Be6 6.cxd5 Bxd5 7.Nf3 c5 8.Nc3 Bc6
9.O-O e6 10.d4 cxd4 11.Nxd4 Bxg2 12.Kxg2 a6 13.e4 Bc5 14.Be3 Bxd4 15.Qxd4 Qxd4
16.Bxd4 Nc6 17.Bc5 O-O-O 18.Rfd1 Rxd1 19.Rxd1 Rd8 20.Rxd8+ Kxd8 21.Bf8 g6
22.f4 Nd7 23.Bd6 f5 24.Kf3 Nf6 25.Bc5 Kc7 26.e5 Nd5 27.Nxd5+ exd5 28.e6 Kd8
29.Ke3 Ke8 30.Bd6 Kd8  1/2-1/2

[Event "Fide Mercenarios 1st"]
[Site "MEX"]
[Date "1994.??.??"]
[Round "10"]
[White "Pla, Silvio"]
[Black "Diaz Lombardo, Isidro"]
[Result "1-0"]
[WhiteElo "2240"]
[BlackElo "2000"]

1.c4 c6 2.e4 d5 3.exd5 cxd5 4.d4 e6 5.Nc3 Nf6 6.Nf3 Nc6 7.c5 Be7 8.Bb5 Bd7
9.O-O O-O 10.Re1 Rc8 11.a3 a5 12.Rb1 b6 13.b4 axb4 14.axb4 bxc5 15.bxc5 Rb8
16.Bf4 Ra8 17.Ne5 Qc8 18.Bxc6 Bxc6 19.Nxc6 Qxc6 20.Rb6 Qc8 21.Qb3 Bd8 22.Bd6 Re8
23.Rb7 Ba5 24.Rb1 Bxc3 25.Qxc3 Ne4 26.Qb2 Nxd6 27.cxd6 Rd8 28.Rc1  1-0

[Event "Minsk op"]
[Site "Minsk"]
[Date "1994.??.??"]
[Round "2"]
[White "Newerovski, Gennadi"]
[Black "Dragomarezkij, Evgeni"]
[Result "1/2-1/2"]
[WhiteElo "2380"]
[BlackElo "2490"]

1.c4 c6 2.Nf3 d5 3.Qc2 Nf6 4.g3 e6 5.Bg2 Nbd7 6.d4 Be7 7.O-O b6 8.b3 Bb7
9.Nc3 O-O 10.e4 dxe4 11.Nxe4 c5 12.Nxf6+ Bxf6 13.Ng5 Bxg5 14.Bxb7 Rb8 15.Bxg5 Qxg5
16.Bc6 Nf6 17.f4 Qg6 18.Qxg6 hxg6 19.Rad1 Rfd8 20.dxc5 bxc5 21.Bf3 Kf8 22.Kf2 Ke7
23.Ke3 a5 24.Rxd8 Rxd8 25.h4 Ne8 26.g4 Nd6 27.Kf2 Rb8 28.Re1 a4 29.Re3 Kd7
30.Ke2 axb3 31.axb3 f6 32.Rd3  1/2-1/2

[Event "Moscow"]
[Site "Moscow"]
[Date "1994.??.??"]
[Round "2"]
[White "Rausis, Igors"]
[Black "Naumkin, Igor"]
[Result "1/2-1/2"]
[WhiteElo "2495"]
[BlackElo "2455"]

1.c4 c6 2.d4 d5 3.Nf3 Nf6 4.cxd5 cxd5 5.Nc3 Nc6 6.Bf4 Bf5 7.e3 e6 8.Bd3 Bxd3
9.Qxd3 Bd6 10.Bxd6 Qxd6 11.O-O O-O 12.Rfc1 Rfc8 13.h3 h6 14.a3 a6 15.Na4 Nd7
16.Rc2 Ne7 17.Rac1 Rxc2 18.Rxc2 Rc8 19.Rxc8+ Nxc8 20.b4 Qc6  1/2-1/2

[Event "Moscow ol (Men)"]
[Site "Moscow"]
[Date "1994.??.??"]
[Round "3"]
[White "Belli, Mario"]
[Black "Amar, Tilmaline"]
[Result "1-0"]
[WhiteElo "2410"]
[BlackElo "2240"]

1.c4 c6 2.Nf3 Nf6 3.Nc3 d5 4.d4 dxc4 5.a4 Bf5 6.e3 e6 7.Bxc4 Bb4 8.O-O Nbd7
9.Qe2 Bg6 10.Rd1 Qc7 11.Bd2 a5 12.Rac1 O-O 13.Bb3 Rad8 14.Na2 Bd6 15.h3 Qb6
16.Qc4 Be4 17.Nc3 Bxf3 18.gxf3 e5 19.Ne4 Nxe4 20.fxe4 exd4 21.exd4 Bb4 22.Be3 Qc7
23.Qf1 Kh8 24.Qg2 f5 25.Bg5 Rde8 26.e5 Nb6 27.Bf4 Qc8 28.Kh1 Nd5 29.Rg1 Rg8
30.Bg5 Qd7 31.Qf3 Re6 32.Bxd5 cxd5 33.Qxf5 Rf8 34.Qg4 Rxf2 35.Bf6 Bf8 36.Rc8 Qxc8
37.Bxg7+ Kg8 38.Bf6+ Kf7 39.Qh5+  1-0

[Event "Moscow ol (Men)"]
[Site "Moscow"]
[Date "1994.??.??"]
[Round "5"]
[White "Agdestein, Espen"]
[Black "Delchev, Aleksander"]
[Result "1/2-1/2"]
[WhiteElo "2330"]
[BlackElo "2490"]

1.c4 c6 2.d4 d5 3.Nf3 Nf6 4.e3 Bf5 5.Nc3 e6 6.Bd3 Bxd3 7.Qxd3 Nbd7 8.O-O Bb4
9.b3 O-O 10.Bb2 a5 11.Nd2 a4 12.Rab1 axb3 13.axb3 Qb6 14.e4 dxe4 15.Ncxe4 Rfd8
16.Nf3 Be7 17.Nxf6+ Bxf6 18.Qc2 Nf8 19.Bc3 Ng6 20.Rfd1 Qc7 21.g3 Rd7 22.Rd3 Rad8
23.Rbd1 h6 24.R1d2 b6 25.h4 Ne7 26.Ne5 Bxe5 27.dxe5 c5  1/2-1/2

[Event "Moscow ol (Men)"]
[Site "Moscow"]
[Date "1994.??.??"]
[Round "5"]
[White "Schmidt, Wlodzimierz"]
[Black "Imanaliev, Taalaibek"]
[Result "1-0"]
[WhiteElo "2460"]
[BlackElo "2385"]

1.c4 c6 2.e4 d5 3.exd5 cxd5 4.cxd5 Nf6 5.Nc3 Nxd5 6.Nf3 e6 7.d4 Be7 8.Bd3 O-O
9.O-O Nc6 10.Re1 Nf6 11.a3 b6 12.Bc2 Bb7 13.Qd3 Rc8 14.d5 exd5 15.Bg5 Ne4
16.Nxe4 dxe4 17.Qxe4 g6 18.Bh6 Re8 19.Rad1 Qc7 20.Bb3 Nd8 21.Qd4  1-0

[Event "Moscow ol (Men)"]
[Site "Moscow"]
[Date "1994.??.??"]
[Round "7"]
[White "Contin, Daniel"]
[Black "Amar, Tilmaline"]
[Result "1-0"]
[WhiteElo "2425"]
[BlackElo "2240"]

1.c4 c6 2.e4 d5 3.exd5 cxd5 4.d4 Nf6 5.Nc3 Nc6 6.Bg5 e6 7.Nf3 Be7 8.c5 O-O
9.Bb5 Ne4 10.Bxe7 Nxe7 11.Rc1 b6 12.Bd3 bxc5 13.Nxe4 dxe4 14.Bxe4 Qa5+ 15.Qd2 Qxd2+
16.Kxd2 Rb8 17.b3 cxd4 18.Rc7 Ng6 19.Bxg6 hxg6 20.Rhc1 Bb7 21.Ne5 Bxg2 22.Nd7 a6
23.Nxf8 Rxf8 24.Ra7 e5 25.Rcc7 e4 26.Rxa6 Re8 27.Raa7 e3+ 28.fxe3 dxe3+ 29.Ke1  1-0

[Event "Moscow ol (Men)"]
[Site "Moscow"]
[Date "1994.??.??"]
[Round "7"]
[White "Stohl, Igor"]
[Black "Rogozenko, Dorin"]
[Result "1-0"]
[WhiteElo "2560"]
[BlackElo "2405"]

1.c4 c6 2.e4 d5 3.exd5 cxd5 4.d4 Nf6 5.Nc3 Nc6 6.Bg5 e6 7.Nf3 dxc4 8.Bxc4 Be7
9.O-O O-O 10.a3 a6 11.Ba2 b5 12.Rc1 Bb7 13.Qd3 b4 14.Na4 bxa3 15.bxa3 Na5
16.Ne5 Bd5 17.Bxf6 Bxf6 18.Bxd5 exd5 19.Nc3 Nc4 20.Nc6 Qd6 21.Nxd5 Nxa3 22.Nxf6+ gxf6
23.Rc5 Nb5 24.Rh5 f5 25.Qxf5 h6 26.d5 Kg7 27.Rh3 Rae8 28.Rg3+ Kh8 29.h3 Re2
30.Ra1 Rd2 31.Ne5 Nd4 32.Qxf7 Ne2+ 33.Kh2  1-0

[Event "Moscow ol (Women)"]
[Site "Moscow"]
[Date "1994.??.??"]
[Round "7"]
[White "Sabirova, Sophia"]
[Black "Gonzalez Perez, Lutgarda"]
[Result "1-0"]
[WhiteElo "2090"]
[BlackElo "2245"]

1.c4 c6 2.d4 d5 3.cxd5 cxd5 4.Nc3 Nf6 5.Bg5 e6 6.e3 Be7 7.Bd3 Nc6 8.Rc1 a6
9.f4 b5 10.Nf3 Bb7 11.O-O Nd7 12.Kh1 f5 13.Bxe7 Qxe7 14.Ne5 Ncxe5 15.fxe5 h5
16.Ne2 Rc8 17.Rxc8+ Bxc8 18.Nf4 Nf8 19.Qc2 Bd7 20.Rc1 g5 21.Nxd5 exd5 22.Bxf5 Rh6
23.e4 Bc6 24.e6 Bb7 25.Qc7 Nxe6 26.Qb8+ Kf7 27.Bxe6+ Rxe6 28.Rc7 dxe4 29.Qxb7 e3
30.Rxe7+ Rxe7 31.Qf3+ Kg6 32.Qe2 Kf5 33.d5  1-0

[Event "Moscow ol (Men)"]
[Site "Moscow"]
[Date "1994.??.??"]
[Round "8"]
[White "Nikolaidis, Ioannis"]
[Black "Imanaliev, Taalaibek"]
[Result "0-1"]
[WhiteElo "2460"]
[BlackElo "2385"]

1.c4 c6 2.Nf3 Nf6 3.g3 d5 4.Bg2 dxc4 5.Qc2 Qd5 6.Na3 Be6 7.Nh4 Qd4 8.Nf3 Qd5
9.Nh4 Qd4 10.Nf5 Bxf5 11.Qxf5 e6 12.Qa5 Nbd7 13.O-O Nd5 14.Nc2 Qe5 15.b3 cxb3
16.axb3 Qxe2 17.Bxd5 cxd5 18.Re1 Qd3 19.Nb4 Qd4 20.Nxd5 Bc5 21.Ne3 O-O 22.Ra4 Qd3
23.Qc3 Qxc3 24.dxc3 b5 25.Ra6 Bb6 26.Ba3 Rfc8 27.Bb4 Nb8 28.Ra2 Nc6 29.Bd6 Na5
30.b4 Nc4 31.Nxc4 Rxc4 32.Be5 Rd8 33.Bd4 Bxd4 34.cxd4 Rxb4 35.Rxa7 g6 36.Rc1 Rc4
37.Rb1 Rb8 38.d5 exd5 39.Rd7 b4 40.Rxd5 b3 41.Kg2 Rc2 42.Ra5 b2 43.Ra2 Rb6
44.Rf1 Kg7  0-1

[Event "Moscow ol (Men)"]
[Site "Moscow"]
[Date "1994.??.??"]
[Round "12"]
[White "Skembris, Spyridon"]
[Black "Kuczynski, Robert"]
[Result "1-0"]
[WhiteElo "2525"]
[BlackElo "2515"]

1.c4 c6 2.Nf3 d5 3.e3 Nf6 4.b3 e6 5.Be2 Bd6 6.Bb2 Nbd7 7.O-O O-O 8.Nc3 Re8
9.d3 e5 10.cxd5 cxd5 11.e4 d4 12.Nb5 Bb8 13.a4 Nf8 14.Nd2 Ng6 15.g3 Bh3 16.Re1 a6
17.Na3 Qd7 18.Nac4 Bc7 19.a5 Rad8 20.Ra4 h6 21.Ba3 Ne7 22.Bc5 Nc6 23.b4 Qe6
24.Nb6 Bb8 25.Ra1 Na7 26.Qb3 Qxb3 27.Nxb3 Be6 28.Bd1 Nb5 29.Nd2 Nc3 30.Bc2 Nd7
31.Nb1 Nxb6 32.Nxc3 Nd7 33.Na4 Nxc5 34.Nxc5 Rc8 35.Ba4 Re7 36.Rec1 Bd6 37.Nxe6 Rxc1+
38.Rxc1 fxe6 39.b5 axb5 40.Bxb5 Rc7 41.Bc4 Kf7 42.Rb1 Bc5 43.h4 g6 44.Kg2 Kf6
45.Kf3 Ba7 46.Ke2 Bc5 47.Rb3 Ba7 48.Rb1 Bc5 49.Rb3 Ba7 50.Kf3 Bc5 51.Kg4 Ba7
52.h5 g5 53.f4 gxf4 54.gxf4 Bc5 55.Kf3 exf4 56.Kxf4 e5+ 57.Kg4 Rg7+ 58.Kf3 Rc7
59.Bd5 Ba7 60.Bxb7 Rc5 61.Rb2 Kg5 62.Bd5 Kxh5 63.Rg2 Rc7 64.Rg4 Bc5 65.Kg3 Bb4
66.a6 Ra7 67.Kh3 Bf8 68.Bc6  1-0

[Event "Moscow ol (Men)"]
[Site "Moscow"]
[Date "1994.??.??"]
[Round "13"]
[White "Petursson, Margeir"]
[Black "Imanaliev, Taalaibek"]
[Result "1-0"]
[WhiteElo "2540"]
[BlackElo "2385"]

1.c4 c6 2.Nf3 Nf6 3.Nc3 d5 4.d4 dxc4 5.a4 Bg4 6.Ne5 Bh5 7.f3 e6 8.g4 Nfd7
9.h4 Be7 10.Be3 Nxe5 11.dxe5 Bxh4+ 12.Rxh4 Qxh4+ 13.Bf2 Qh2 14.Qd6 Nd7 15.O-O-O O-O-O
16.Bxa7 Bg6 17.Bd4 f6 18.a5 Nxe5 19.Qxe6+ Kb8 20.Qe7 Nd3+ 21.Rxd3 cxd3 22.a6 bxa6
23.Qa7+ Kc8 24.Qxa6+ Kd7 25.Na4 dxe2 26.Nc5+ Kd6 27.Nb7+ Ke7 28.Bc5+ Kf7
29.Nxd8+ Rxd8 30.Qa2+ Rd5 31.Qa7+  1-0

[Event "New York op"]
[Site "New York"]
[Date "1994.??.??"]
[Round "5"]
[White "Gulko, Boris F"]
[Black "Finegold, Benjamin"]
[Result "1/2-1/2"]
[WhiteElo "2615"]
[BlackElo "2475"]

1.c4 c6 2.e4 d5 3.exd5 Nf6 4.Nc3 cxd5 5.d4 Nc6 6.Bg5 e6 7.Nf3 Be7 8.Rc1 O-O
9.c5 Ne4 10.Bxe7 Qxe7 11.Be2 Ng5 12.O-O Nxf3+ 13.Bxf3 Qf6 14.Ne2 Bd7 15.Qd2 a5
16.Rfd1 b6 17.cxb6 Qd8 18.Nc3  1/2-1/2

[Event "Niksic"]
[Site "Niksic"]
[Date "1994.??.??"]
[Round "?"]
[White "Bogdanovski, Vlatko"]
[Black "Stefanova, Antoaneta"]
[Result "1-0"]
[WhiteElo "2425"]
[BlackElo "2140"]

1.c4 c6 2.Nc3 d5 3.e3 Nf6 4.Nf3 Bf5 5.cxd5 Nxd5 6.d4 e6 7.Bd3 Bxd3 8.Qxd3 Be7
9.O-O O-O 10.e4 Nxc3 11.bxc3 Nd7 12.Rd1 Qc7 13.Rb1 Rfd8 14.Be3 b5 15.c4 a6
16.Qc2 Rac8 17.a4 b4 18.Nd2 a5 19.g3 h6 20.Nb3 Ra8 21.Rbc1 Nb6 22.Qa2 Qb7
23.c5 Nc8 24.Qe2 Bf8 25.Bf4 Ne7 26.h4 g6 27.Qe3 Kh7 28.Qf3 Bg7 29.Bd6 Nc8
30.e5 Kg8 31.Nd2 Ra6 32.h5 g5 33.Ne4 Ne7 34.Nf6+ Bxf6 35.Qxf6 Re8 36.Qxh6 Nd5
37.Re1 Nc3 38.Re3 Ra7 39.Kg2 Qd7 40.Rf3 f5 41.exf6 Qf7 42.Re1  1-0

[Event "NLD-ch"]
[Site "?"]
[Date "1994.??.??"]
[Round "10"]
[White "Cifuentes Parada, Roberto"]
[Black "Bosch, Jeroen"]
[Result "1-0"]
[WhiteElo "2500"]
[BlackElo "2370"]

1.c4 c6 2.e4 e5 3.Nf3 d6 4.d4 Nd7 5.Nc3 Ngf6 6.Be2 Be7 7.O-O O-O 8.Qc2 Qc7
9.Rd1 a6 10.Be3 Re8 11.Rac1 Ng4 12.Bd2 exd4 13.Nxd4 Nc5 14.h3 Bf6 15.Nb3 Nxb3
16.axb3 Ne5 17.Be3 Ng6 18.Qd2 Bxc3 19.Rxc3 Rxe4 20.Qxd6 Qxd6 21.Rxd6 Re8
22.f4 f5 23.Kf2 Be6 24.Rcd3 Nf8 25.Bc5 Kf7 26.Bh5+ g6 27.Bf3 Re7 28.R6d4 Rd7
29.Bd6 h5 30.Ke3 Nh7 31.Be5 Nf8 32.b4 Rxd4 33.Rxd4 Nd7 34.b3 Re8 35.Rd6 Rc8
36.Rd1 Ke7 37.Bd6+ Kf7 38.Ra1 Re8 39.Kd4 Rd8 40.Bc7 Rc8 41.Bd6 Rd8 42.Bc7 Rc8
43.Be5 Rd8 44.Ke3 Nf8 45.Ra5 Rd7 46.Bd4 Nh7 47.h4 Nf8 48.Ra1 Nh7 49.Rd1 Nf8
50.Kd3 Rd8 51.Kc3 Rd7 52.Ra1 Rc7 53.Be5 Rd7 54.Ra5 Rd8 55.b5 axb5 56.cxb5 Bd5
57.bxc6 Bxc6 58.Bxc6 Rc8 59.Rb5 Rxc6+ 60.Kd4 Ne6+ 61.Kd5 Nd8 62.Rc5 Ke7 63.b4 Kd7
64.b5 Rxc5+ 65.Kxc5 Ne6+ 66.Kd5 Nd8 67.Bd6 Ne6 68.Ke5 Nd4 69.Bc5 Nxb5 70.Kf6 Nc3
71.Kxg6 Ke6 72.Kxh5 b5 73.Kg6 Ne2 74.g3 Nxg3 75.h5 Ne2 76.Kg5 Kf7 77.Kxf5 Ng3+
78.Kg4 Ne4 79.Ba3 Nf2+ 80.Kf5 Nd3 81.Ke4 Nf2+ 82.Kf3 Nd3 83.Ke4 Nf2+ 84.Kf3 Nd3
85.Ke3 Ne1 86.Bb2 Ng2+ 87.Kf3 Ne1+ 88.Ke4 b4 89.f5 b3 90.h6 Kg8 91.f6 Ng2
92.f7+  1-0

[Event "NLD-chT9495"]
[Site "?"]
[Date "1994.??.??"]
[Round "3"]
[White "Klarenbeek, Hans"]
[Black "Cifuentes Parada, Roberto"]
[Result "1/2-1/2"]
[WhiteElo "2430"]
[BlackElo "2500"]

1.c4 c6 2.e4 e5 3.Nf3 d6 4.d4 Nd7 5.Nc3 Ngf6 6.Be2 Be7 7.O-O O-O 8.Qc2 Re8
9.Rd1 Qc7 10.Be3 h6 11.d5 c5 12.a3 Nh7 13.b4 b6 14.Rab1 Qd8 15.Na4 Ng5 16.Nd2 Nf6
17.f3 Rf8 18.bxc5 bxc5 19.Nb3 Nh5 20.Naxc5 dxc5 21.Nxc5 Nf4 22.Nd3 Nxd3 23.Bxd3 Bxa3
24.c5 Qf6 25.Rb3 Qg6 26.Kh1 Bxc5 27.Bxc5 Rd8 28.Ra1 Qf6 29.Qf2 Rd7 30.Rab1 Ba6
31.Rb8+ Rd8 32.Rxd8+ Rxd8 33.Bxa6 Qxa6 34.Bxa7 f5 35.h4 Nf7 36.Qb6 Qd3 37.exf5 Rxd5
38.Qb3 Qxf5 39.Qxd5 Qxb1+ 40.Kh2 Qe1 41.Kh3  1/2-1/2

[Event "NLD-sf"]
[Site "?"]
[Date "1994.??.??"]
[Round "1"]
[White "Van Doeland, Julius H"]
[Black "Van de Oudeweetering, Arthur"]
[Result "1/2-1/2"]
[WhiteElo "2310"]
[BlackElo "2330"]

1.c4 c6 2.Nc3 d5 3.cxd5 cxd5 4.d4 Nf6 5.Bf4 Nc6 6.e3 a6 7.Bd3 Bg4 8.Nge2 e6
9.h3 Bxe2 10.Qxe2 Bd6 11.Bxd6 Qxd6 12.O-O O-O 13.Rac1 b5 14.Rfd1 Rfc8 15.b3 Qa3
16.Nb1 Qa5 17.a3 Qb6 18.Qb2 Rc7 19.Nd2 Rac8 20.Rc2 Na5  1/2-1/2

[Event "NLD-sf"]
[Site "?"]
[Date "1994.??.??"]
[Round "9"]
[White "Van Doeland, Julius H"]
[Black "Homs, Guust"]
[Result "1-0"]
[WhiteElo "2310"]
[BlackElo "2235"]

1.c4 c6 2.Nf3 d5 3.b3 Nf6 4.e3 g6 5.Bb2 Bg7 6.Be2 O-O 7.O-O Re8 8.d3 Nbd7
9.Qc2 e5 10.Nc3 dxc4 11.bxc4 Qc7 12.Rac1 Nc5 13.Nd2 Bf5 14.Nb3 Nfd7 15.Nxc5 Nxc5
16.Na4 Nd7 17.Qb3 Rab8 18.Rfd1 Bf8 19.Qc2 Rbd8 20.Qc3 Bg7 21.h3 Bf6 22.e4 Be6
23.Qd2 Qd6 24.Rc2 b5 25.cxb5 cxb5 26.Nc3 a6 27.Nd5 Bxd5 28.exd5 Qxd5 29.Bf3 Qxa2
30.Ra1 Qe6 31.Rc6 Qf5 32.Bg4 Qg5 33.Qc2 Nb8 34.Bc1 Nxc6 35.Qxc6 Qxc1+ 36.Rxc1 Bg7
37.Qxa6 Rxd3 38.Qxb5 Red8 39.Rc7 R3d4 40.Qb7 Rf4 41.Be6 Rf8 42.Bd5 Rf5 43.g3 Bh8
44.Re7 Bg7 45.Kg2 Bh8 46.Be4 Rf6 47.Qc7 Ra6 48.Bd5 Rf6 49.Rxe5 Bg7 50.Re7 Rf5
51.Bc4 Bd4 52.f4 h5 53.Bd3 Rf6 54.Rd7 Bb2 55.Bc4 Kg7 56.Bb3 Kg8 57.Qc2 Ba1
58.Rd1 Ra8 59.Ba2  1-0

[Event "NOR-ch"]
[Site "?"]
[Date "1994.??.??"]
[Round "1"]
[White "Bern, Ivar"]
[Black "Gabrielsen, Trond"]
[Result "0-1"]
[WhiteElo "2380"]
[BlackElo "2220"]

1.c4 c6 2.d4 d5 3.cxd5 cxd5 4.Bf4 Nc6 5.e3 Nf6 6.Nc3 e6 7.Bd3 Bd6 8.Bxd6 Qxd6
9.f4 a6 10.Nf3 b5 11.Ne5 Bb7 12.Rc1 O-O 13.O-O Ne7 14.Qf3 Rac8 15.g4 Qb4
16.Qg2 Ne4 17.a3 Qa5 18.Bxe4 dxe4 19.Nd7 Rfd8 20.Nc5 Ba8 21.f5 e5 22.f6 Nd5
23.Nxd5 Bxd5 24.dxe5 b4 25.Nxe4 Qb6 26.Qf3 Qb7 27.Rxc8 Rxc8 28.Nd6 Bxf3 29.Nxb7 Bxb7
30.axb4 Rc4 31.Rd1 Rxg4+ 32.Kf2 gxf6 33.exf6 h5 34.Rd8+ Kh7 35.Rd7 Rxb4 36.Rxf7+ Kg6
37.Rf8 Rxb2+ 38.Kg3 Bd5 39.Kf4 Bf7 40.Rh8 Kxf6 41.e4  0-1

[Event "BCF-ch"]
[Site "Norwich"]
[Date "1994.??.??"]
[Round "5"]
[White "Ledger, Andrew"]
[Black "Greer, Kieran"]
[Result "1-0"]
[WhiteElo "2380"]
[BlackElo "2225"]

1.c4 c6 2.e4 d5 3.cxd5 cxd5 4.exd5 Qxd5 5.Nc3 Qa5 6.d4 e6 7.Nf3 Nf6 8.Bc4 Be7
9.O-O O-O 10.Bd2 Qd8 11.Re1 a6 12.Bf4 b5 13.Bb3 Bb7 14.Rc1 Bb4 15.Bg5 Nbd7
16.Re3 Be7 17.d5 Nxd5 18.Bxd5 Bxd5 19.Bxe7 Bxf3 20.Qd6  1-0

[Event "Nyiregyhaza op"]
[Site "Nyiregyhaza"]
[Date "1994.??.??"]
[Round "?"]
[White "Rigan, Jozsef"]
[Black "Kiss, Fernanda"]
[Result "1/2-1/2"]
[WhiteElo "2230"]
[BlackElo "2100"]

1.c4 c6 2.Nf3 d5 3.e3 Nf6 4.b3 Bg4 5.Bb2 e6 6.Be2 Bd6 7.d4 O-O 8.O-O Qe7
9.Nbd2 Nbd7 10.Ne5 Bxe2 11.Qxe2 Rad8 12.a3 Ne4 13.Nxe4 dxe4 14.f4 exf3 15.Nxf3 Nf6
16.e4 Bc7 17.e5 Nd7 18.Rae1 Nb8 19.b4 Bb6 20.Qe4 a5 21.c5 Bc7 22.Bc1 h6 23.Qg4 f5
24.exf6 Rxf6 25.Qe4 Rdf8 26.Kh1 Qf7 27.Kg1 Nd7 28.Bb2 Qh5 29.Re2 Kh8 30.Bc3 axb4
31.axb4 Rg6 32.Ne5 Rxf1+ 33.Kxf1 Rf6+ 34.Kg1 Nxe5 35.dxe5 Rf5 36.g4 Rg5 37.Rg2 Qh3
38.Rg3 Qh4 39.Kg2 h5 40.h3 Kg8 41.b5 hxg4 42.hxg4 Qh7 43.Qe2 Qg6 44.b6 Bb8
45.Kh3 Qh6+ 46.Kg2 Qg6 47.Kf2 Qh6 48.Kg2 Qg6 49.Bd4 Qe8 50.Ba1 Qd8 51.Rd3 Qf8
52.Kg3 Qxc5 53.Rd8+ Kh7 54.Qd3+ Rg6 55.Kg2 Bxe5 56.Qh3+ Rh6 57.Qd3+ Rg6 58.Qh3+ Rh6
59.Qd3+ Rg6  1/2-1/2

[Event "Nyiregyhaza op"]
[Site "Nyiregyhaza"]
[Date "1994.??.??"]
[Round "?"]
[White "Deak, Sandor"]
[Black "Donka, Peter"]
[Result "1/2-1/2"]
[WhiteElo "2320"]
[BlackElo "2220"]

1.c4 c6 2.d4 d5 3.Nf3 Nf6 4.Nbd2 Bf5 5.g3 e6 6.Bg2 Ne4 7.O-O Nd7 8.Nh4 Nxd2
9.Bxd2 Bg4 10.b3 Be7 11.Nf3 f5  1/2-1/2

[Event "Oberwart op"]
[Site "Oberwart"]
[Date "1994.??.??"]
[Round "6"]
[White "Serper, Grigory"]
[Black "Milov, Leonid"]
[Result "1/2-1/2"]
[WhiteElo "2575"]
[BlackElo "2520"]

1.c4 c6 2.e4 d5 3.exd5 cxd5 4.cxd5 Nf6 5.Nc3 Nxd5 6.Nf3 Nc6 7.d4 Bg4 8.Qb3 Bxf3
9.gxf3 e6 10.Qxb7 Nxd4 11.Bb5+ Nxb5 12.Qc6+ Ke7 13.Qxb5 Qd7 14.Nxd5+ Qxd5
15.Qxd5 exd5 16.Bd2 Rc8 17.Ke2 Ke6 18.Rac1 Bd6 19.h3 Rc4 20.b3 Rxc1 21.Rxc1 Re8
22.Kd3 Kd7 23.Be3 a6 24.Rg1 Be5 25.Rg4 Kc6 26.Rh4 h6 27.Ra4 Kb5 28.Bd2 Bc7
29.Rb4+ Kc6 30.Rg4 g6 31.Ra4 Kb5 32.Rb4+ Kc6 33.Ra4 Kb5 34.Rb4+  1/2-1/2

[Event "Orel2"]
[Site "Orel"]
[Date "1994.??.??"]
[Round "9"]
[White "Solonar, Stephan"]
[Black "Komliakov, Viktor"]
[Result "1/2-1/2"]
[WhiteElo "2400"]
[BlackElo "2455"]

1.c4 c6 2.d4 d5 3.Nf3 Nf6 4.Nc3 a6 5.cxd5 cxd5 6.Bf4 Nc6 7.e3 Bg4 8.h3 Bxf3
9.Qxf3 e6 10.Qd1 Bd6 11.Bxd6 Qxd6 12.Be2 O-O 13.O-O  1/2-1/2

[Event "Ostrava"]
[Site "Ostrava"]
[Date "1994.??.??"]
[Round "4"]
[White "Stohl, Igor"]
[Black "Kavalek, Lubomir"]
[Result "1/2-1/2"]
[WhiteElo "2560"]
[BlackElo "2550"]

1.c4 c6 2.Nc3 d5 3.d4 Nf6 4.e3 a6 5.Bd3 e6 6.Nf3 dxc4 7.Bxc4 b5 8.Bd3 c5
9.dxc5 Bxc5 10.O-O Nc6 11.a3 Bb7 12.b4 Bd6 13.Ne4 Nxe4 14.Bxe4 f5 15.Bxc6+  1/2-1/2

[Event "Ostrava"]
[Site "Ostrava"]
[Date "1994.??.??"]
[Round "5"]
[White "Ftacnik, Lubomir"]
[Black "Haba, Petr"]
[Result "1/2-1/2"]
[WhiteElo "2565"]
[BlackElo "2475"]

1.c4 c6 2.e4 d5 3.exd5 cxd5 4.d4 Nf6 5.Nc3 g6 6.cxd5 Bg7 7.Bc4 O-O 8.Nge2 Na6
9.O-O Nc7 10.Qb3 a6 11.d6 exd6 12.Bg5 b5 13.Bd5 Rb8 14.Bf3 Ne6 15.Be3 Bb7
16.Bxb7 Rxb7 17.a4 Ng4 18.axb5 Qh4 19.h3 Nxe3 20.fxe3 Bh6 21.Rf3 axb5 22.Qd5 Re7
23.Qxd6 Rd8 24.Qb6 b4 25.Qxb4 Ng5 26.Rg3 Ne4 27.Nxe4 Rxe4 28.Qd2 Qxg3 29.Nxg3 Bxe3+
30.Kh1 Bxd2 31.Nxe4 Be3 32.Rd1 Rxd4 33.Rxd4 Bxd4 34.b3 f5 35.Nd2 Kf7 36.g4 fxg4  1/2-1/2

[Event "Ostrava"]
[Site "Ostrava"]
[Date "1994.??.??"]
[Round "8"]
[White "Stohl, Igor"]
[Black "Haba, Petr"]
[Result "1/2-1/2"]
[WhiteElo "2560"]
[BlackElo "2475"]

1.c4 c6 2.d4 d5 3.Bf4 Nf6 4.e3 e6 5.Nc3 Bd6 6.Bg3 O-O 7.Nf3 b6 8.Qc2 Bb7
9.O-O-O Na6 10.Kb1 Nb4 11.Qb3 a5 12.cxd5  1/2-1/2

[Event "Pamplona9495"]
[Site "Pamplona"]
[Date "1994.??.??"]
[Round "?"]
[White "Kortschnoj, Viktor"]
[Black "Magem Badals, Jorge"]
[Result "0-1"]
[WhiteElo "2635"]
[BlackElo "2520"]

1.c4 c6 2.Nf3 d5 3.e3 Nf6 4.Nc3 Bg4 5.h3 Bxf3 6.Qxf3 e6 7.d4 Nbd7 8.Bd3 Bd6
9.O-O O-O 10.Rd1 Re8 11.Qe2 Qe7 12.c5 Bc7 13.f4 b6 14.b4 bxc5 15.bxc5 e5
16.Re1 exd4 17.exd4 Qf8 18.Qf2 Rxe1+ 19.Qxe1 Re8 20.Ne2 Ne4 21.Rb1 Rb8 22.Rxb8 Qxb8
23.Be3 Qe8 24.Bc1 Qb8 25.Qd1 Qb4 26.Be3 f5 27.Qb1 Qxb1+ 28.Bxb1 Kf7 29.Bc2 Ke6
30.Ba4 Nb8 31.Nc1 Nc3 32.Bb3 Nd7 33.Nd3 Nf8 34.g3 Kd7 35.Kf2 Ne6 36.Kf3 Nb5
37.Ne5+ Bxe5 38.dxe5 Nbd4+ 39.Bxd4 Nxd4+ 40.Ke3 Ne6 41.Bc2 g6 42.g4 d4+ 43.Kf3 fxg4+
44.hxg4 Nxc5 45.f5 gxf5 46.Bxf5+ Ne6 47.Ke4 h6 48.a4 Ke7 49.Bxe6 Kxe6 50.Kxd4 a5  0-1

[Event "Pardubice op"]
[Site "Pardubice"]
[Date "1994.??.??"]
[Round "4"]
[White "Matlak, Marek"]
[Black "Meduna, Eduard"]
[Result "1/2-1/2"]
[WhiteElo "2490"]
[BlackElo "2485"]

1.c4 c6 2.Nc3 d5 3.e3 Nf6 4.Nf3 Bg4 5.Qb3 Qb6 6.Qxb6 axb6 7.cxd5 Bxf3 8.gxf3 Nxd5
9.Nxd5 cxd5 10.d4 e6 11.Bd2 Nc6 12.Bb5 Bd6 13.Ke2 Ke7 14.Bc3 Rhc8 15.Bd3 Nb4
16.Bxb4  1/2-1/2